Study of the thermal conversion of heavy paraffinic oil in the presence of an additive based on ferrospheres of energy ashes; Химия и химическая технология в XXI веке

Opis bibliograficzny
Parent link:Химия и химическая технология в XXI веке.— 2020.— [С. 551-552]
1. autor: Zabanova A. E.
Korporacja: Национальный исследовательский Томский политехнический университет Инженерная школа природных ресурсов Отделение химической инженерии
Kolejni autorzy: Beshagina E. V. Evgeniya Vladimirovna (научный руководитель), Kopytov M. A.
Streszczenie:Заглавие с экрана
Język:angielski
Wydane: 2020
Seria:Химия и химическая технология на иностранном языке
Hasła przedmiotowe:
Dostęp online:http://earchive.tpu.ru/handle/11683/63518
Format: Elektroniczne Rozdział
KOHA link:https://koha.lib.tpu.ru/cgi-bin/koha/opac-detail.pl?biblionumber=632006

MARC

LEADER 00000naa2a2200000 4500
001 632006
005 20231101133705.0
035 |a (RuTPU)RU\TPU\conf\33707 
035 |a RU\TPU\conf\33706 
090 |a 632006 
100 |a 20201005d2020 k y0rusy50 ba 
101 0 |a eng 
102 |a RU 
105 |a y z 101zy 
135 |a drcn ---uucaa 
181 0 |a i  
182 0 |a b 
200 1 |a Study of the thermal conversion of heavy paraffinic oil in the presence of an additive based on ferrospheres of energy ashes  |f A. E. Zabanova  |g sci. adv. E. V. Beshagina, M. A. Kopytov 
203 |a Текст  |c электронный 
225 1 |a Химия и химическая технология на иностранном языке 
230 |a 1 компьютерный файл (pdf; 803 Kb) 
300 |a Заглавие с экрана 
320 |a [Библиогр.: с. 552 (2 назв.)] 
463 0 |0 (RuTPU)RU\TPU\conf\32967  |t Химия и химическая технология в XXI веке  |o материалы XXI Международной научно-практической конференции студентов и молодых ученых имени выдающихся химиков Л. П. Кулёва и Н. М. Кижнера, посвященной 110-летию со дня рождения профессора А. Г. Стромберга, 21–24 сентября 2020 г., г. Томск  |f Национальный исследовательский Томский политехнический университет  |v [С. 551-552]  |d 2020 
610 1 |a электронный ресурс 
610 1 |a труды учёных ТПУ 
610 1 |a термическая конверсия 
610 1 |a парафиновые масла 
610 1 |a добавки 
610 1 |a энергетические золы 
610 1 |a переработка 
610 1 |a тяжелые нефти 
610 1 |a утилизация 
610 1 |a золы 
610 1 |a тепловые электростанции 
700 1 |a Zabanova  |b A. E. 
702 1 |a Beshagina  |b E. V.  |c Chemical Engineer  |c Associate Professor of Tomsk Polytechnic University, Candidate of chemical sciences  |f 1983-  |g Evgeniya Vladimirovna  |2 stltpush  |4 727 
702 1 |a Kopytov  |b M. A.  |4 727 
712 0 2 |a Национальный исследовательский Томский политехнический университет  |b Инженерная школа природных ресурсов  |b Отделение химической инженерии  |h 8085  |2 stltpush  |3 (RuTPU)RU\TPU\col\23513 
801 2 |a RU  |b 63413507  |c 20201125  |g RCR 
856 4 |u http://earchive.tpu.ru/handle/11683/63518 
942 |c BK